| 000 | 00000nam##2200000za#4500 |
| 001 | 9.572756 |
| 003 | CaOODSP |
| 005 | 20210624183354 |
| 007 | cr ||||||||||| |
| 008 | 150406|2008||||xxc|||||o f|0| 0 eng|d |
| 022 | |a1701-1280 |
| 040 | |aCaOODSP|beng |
| 043 | |an-cn--- |
| 086 | 1 |aFs70-4/2007-039E-PDF |
| 110 | 1 |aCanada. |bDepartment of Fisheries and Oceans. |
| 245 | 10|aProceedings of the Newfoundland and Labrador Regional Advisory Process for 3Ps cod : |h[electronic resource]|bNovember 5-9, 2007, The Gazebo, Clovelly Golf Club, Stavanger Drive, St. John's NL / |cGeoff Evans, meeting chairperson ; D.B. Atkinson, editor. |
| 246 | 3 |aCompte rendu du Processus de consultation régional de Terre-Neuve-et-Labrador sur la morue de 3Ps |
| 260 | |aSt. John's - Newfoundland and Labrador : |bFisheries and Oceans Canada |cMarch 2008. |
| 300 | |a41p.|btable |
| 490 | 1 |aCanadian Science Advisory Secretariat proceedings series|x1701-1280|v2007/039 |
| 504 | |aBibliography. |
| 546 | |aChiefly English, with bilingual foreword and summary. |
| 590 | |a11-32-Supp|b2011-12-20 |
| 720 | 1 |aAtkinson, D. B. |
| 720 | 1 |aEvans, Geoff |
| 830 | #0|aProceedings series (Canadian Science Advisory Secretariat)|x1701-1280|v2007/039|w(CaOODSP)9.506483 |
| 856 | 40|ahttp://publications.gc.ca|qPDF|s236 KB|uhttps://publications.gc.ca/collections/collection_2011/mpo-dfo/Fs70-4-2007-039-eng.pdf|y2007/039 |